00448 2200157 4500001002100000005001500021035002000036245009800056100001900154300002600173260002900199082001100228084001700239600001700256990001700273INLIS00000000000099220250619072213 a0010-06250000611 aKualat Pada Isteri Pertama Menggapai Kehidupan Rumah tangga yang Berbahagia /cH.M. Sudarsono0 aSudarsono, H.M a111 hlm ;c14 X 21 cm aJakarta :bRegional Jawa a306.81 a306.81 SUD k 4aRumah Tangga a3395/PP/2025